07069 2203481 4500001002100000008004100021035002000062245007200082100002400154250000600178260003100184300001200215084001400227082000800241650001400249990001200263990001200275990001200287990001200299990001200311990001200323990001200335990001200347990001200359990001200371990001200383990001200395990001200407990001200419990001200431990001200443990001200455990001200467990001200479990001200491990001200503990001200515990001200527990001200539990001200551990001200563990001200575990001200587990001200599990001200611990001200623990001200635990001200647990001200659990001200671990001200683990001200695990001200707990001200719990001200731990001200743990001200755990001200767990001200779990001200791990001200803990001200815990001200827990001200839990001200851990001200863990001200875990001200887990001200899990001200911990001200923990001200935990001200947990001200959990001200971990001200983990001200995990001201007990001201019990001201031990001201043990001201055990001201067990001201079990001201091990001201103990001201115990001201127990001201139990001201151990001201163990001201175990001201187990001201199990001201211990001201223990001201235990001201247990001201259990001201271990001201283990001201295990001201307990001201319990001201331990001201343990001201355990001201367990001201379990001201391990001201403990001201415990001201427990001201439990001201451990001201463990001201475990001201487990001201499990001201511990001201523990001201535990001201547990001201559990001201571990001201583990001201595990001201607990001201619990001201631990001201643990001201655990001201667990001201679990001201691990001201703990001201715990001201727990001201739990001201751990001201763990001201775990001201787990001201799990001201811990001201823990001201835990001201847990001201859990001201871990001201883990001201895990001201907990001201919990001201931990001201943990001201955990001201967990001201979990001201991990001202003990001202015990001202027990001202039990001202051990001202063990001202075990001202087990001202099990001202111990001202123990001202135990001202147990001202159990001202171990001202183990001202195990001202207990001202219990001202231990001202243990001202255990001202267990001202279990001202291990001202303990001202315990001202327990001202339990001202351990001202363990001202375990001202387990001202399990001202411990001202423990001202435990001202447990001202459990001202471990001202483990001202495990001202507990001202519990001202531990001202543990001202555990001202567990001202579990001202591990001202603990001202615990001202627990001202639990001202651990001202663990001202675990001202687990001202699990001202711990001202723990001202735990001202747990001202759990001202771990001202783990001202795990001202807990001202819990001202831990001202843990001202855990001202867990001202879990001202891990001202903990001202915990001202927990001202939990001202951990001202963990001202975990001202987990001202999990001203011990001203023990001203035990001203047990001203059990001203071990001203083990001203095990001203107990001203119990001203131990001203143990001203155990001203167990001203179990001203191990001203203990001203215990001203227990001203239990001203251990001203263990001203275990001203287990001203299990001203311990001203323990001203335990001203347990001203359990001203371990001203383990001203395990001203407990001203419990001203431990001203443990001203455990001203467990001203479990001203491990001203503990001203515990001203527990001203539990001203551990001203563990001203575INLIS000000000001354 ind  a0010-0524000589 aPrakarya dan Keriwausahaan Kelas XI Semester 2cRR. Indah Setyowati aSetyowati, RR Indah a1 aJakarta :bKEMDIKBUDc2020 a218 hlm a600 IND p a600 aNon Fiksi a0742726 a0742727 a0742728 a0742729 a0742730 a0742731 a0742732 a0742733 a0742734 a0742735 a0742736 a0742737 a0742738 a0742739 a0742740 a0742741 a0742742 a0742743 a0742744 a0742745 a0742746 a0742747 a0742748 a0742749 a0742750 a0742751 a0742752 a0742753 a0742754 a0742755 a0742756 a0742757 a0742758 a0742759 a0742760 a0742761 a0742762 a0742763 a0742764 a0742765 a0742766 a0742767 a0742768 a0742769 a0742770 a0742771 a0742772 a0742773 a0742774 a0742775 a0742776 a0742777 a0742778 a0742779 a0742780 a0742781 a0742782 a0742783 a0742784 a0742785 a0742786 a0742787 a0742788 a0742789 a0742790 a0742791 a0742792 a0742793 a0742794 a0742795 a0742796 a0742797 a0742798 a0742799 a0742800 a0742801 a0742802 a0742803 a0742804 a0742805 a0742806 a0742807 a0742808 a0742809 a0742810 a0742811 a0742812 a0742813 a0742814 a0742815 a0742816 a0742817 a0742818 a0742819 a0742820 a0742821 a0742822 a0742823 a0742824 a0742825 a0742826 a0742827 a0742828 a0742829 a0742830 a0742831 a0742832 a0742833 a0742834 a0742835 a0742836 a0742837 a0742838 a0742839 a0742840 a0742841 a0742842 a0742843 a0742844 a0742845 a0742846 a0742847 a0742848 a0742849 a0742850 a0742851 a0742852 a0742853 a0742854 a0742855 a0742856 a0742857 a0742858 a0742859 a0742860 a0742861 a0742862 a0742863 a0742864 a0742865 a0742866 a0742867 a0742868 a0742869 a0742870 a0742871 a0742872 a0742873 a0742874 a0742875 a0742876 a0742877 a0742878 a0742879 a0742880 a0742881 a0742882 a0742883 a0742884 a0742885 a0742886 a0742887 a0742888 a0742889 a0742890 a0742891 a0742892 a0742893 a0742894 a0742895 a0742896 a0742897 a0742898 a0742899 a0742900 a0742901 a0742902 a0742903 a0742904 a0742905 a0742906 a0742907 a0742908 a0742909 a0742910 a0742911 a0742912 a0742913 a0742914 a0742915 a0742916 a0742917 a0742918 a0742919 a0742920 a0742921 a0742922 a0742923 a0742924 a0742925 a0742926 a0742927 a0742928 a0742929 a0742930 a0742931 a0742932 a0742933 a0742934 a0742935 a0742936 a0742937 a0742938 a0742939 a0742940 a0742941 a0742942 a0742943 a0742944 a0742945 a0742946 a0742947 a0742948 a0742949 a0742950 a0742951 a0742952 a0742953 a0742954 a0742955 a0742956 a0742957 a0742958 a0742959 a0742960 a0742961 a0742962 a0742963 a0742964 a0742965 a0742966 a0742967 a0742968 a0742969 a0742970 a0742971 a0742972 a0742973 a0742974 a0742975 a0742976 a0742977 a0742978 a0742979 a0742980 a0742981 a0742982 a0742983 a0742984 a0742985 a0742986 a0742987 a0742988 a0742989 a0742990 a0742991 a0742992 a0742993 a0742994 a0742995 a0742996 a0742997 a0742998 a0742999 a0743000 a0743001 a0743002